000
00304 a2200145 4500
001
169501
020
_a
040
_c
Magnum
100
_a
Costa Val, Maria da Graca
240
1
0
_a
Redacao e textualidade
_l
por
245
1
0
_a
Redacao e textualidade
362
0
_a
1899
697
_a
GERAL
942
_c
BK
999
_c
169501
_d
169501